MDQL
is popping MORE tags! Check the
thread
!
Quizzes
Events
Quiz Creation
Community
Videos
Private Events
Remove Ads
Sign In
Join for FREE
Feedback
Dark Mode
Quiz Categories
Sports
Geography
Music
Movies
Television
Just For Fun
Miscellaneous
History
Literature
Language
Science
Gaming
Entertainment
Religion
Holiday
For Kids
Quiz Lab
Recent
Popular Today
Quiz Kudos Today
Editor Picks
Curator Picks
Quizzes by...
Day
Popularity
Type
Ratings
Length
Year
Community
Subscriptions
Recent Discussions
Orange Saloon
Badges
Playlists
Quests
Create
Leaderboards
Showdown
Live 5
Trivia Bingo
Activity
Puzzle Library
Sporcle Events
Private Events
Virtual Trivia
Globe League
Become a Host
Pub Owners
SporcleCon
Opinionation
Our Games
Videos
Blog
Mobile Apps
Partnerships
Remove Ads and Go Orange
Feedback
Geography
Country
Landmarks
City
State
Population
World
Capital
Continent
Flags
Europe
Africa
Asia
South America
North America
Oceania
Border
Canada
United Kingdom
Topography
United States
Geography
Country
Landmarks
City
State
Population
World
Capital
Continent
Flags
Europe
Africa
Asia
South America
North America
Oceania
Border
Canada
United Kingdom
Topography
United States
Random Quiz
Search Sporcle
×
Quiz Lab
Quiz Lab
Geography
War
Type in answers that appear in a list
Type in answers that appear in a list
Classic
Best Score? Go Orange.
Identify This: Countries Stats
Can you name the correct country based on the hint?
By
RastaSlapper
10m
30 Questions
334 Plays
334 Plays
334 Plays
Comments
Comments
Give Quiz Kudos
Give Quiz Kudos
-
- Ratings
hide this ad
More Info
Forced Order
Answers have to be entered in order
Answers have to be entered in order
Wrong Answers
Some wrong answers will appear in red
Some wrong answers will appear in red
Replay
Link that replays current quiz
Next Quiz
Link to next quiz in quiz playlist
You Got
0%
They Got
Avg Score
58%
Avg Friend Score
Upgrade to see
Score Distribution
Jump to the score distribution portion of the page
Score
0/30
Timer
10:00
0
Plays Today
Description
Country
% Correct
I am bordered by Spain only.
???
98.8%
My sworn enemy is Pakistan due to the whole Bangladesh thing...
???
85.3%
I refuse to acknowledge Taiwan's independence.
???
82.3%
I am an Asian island nation and my largest island is Luzon.
???
80.8%
I am an island nation located under Italy.
???
79%
I boast more lakes than all of the lakes in other countries combined.
???
78.1%
8 of the 10 tallest mountains in the world are part of my territory.
???
76.9%
I am home to the Zulu ethnic group.
???
75.4%
What would the pope do?
???
75.4%
I am the newest country in the world.
???
75.4%
Me and slovakia used to be buddies...
???
74.3%
Let's just say I have a little problem with Drug Cartels...
???
73.4%
I am a small kingdom on the Bornean Island.
???
67.1%
I have the largest muslim population out of any country.
???
65.9%
In 2011, 77 people were murdered in my country by Anders Breivik.
???
64.7%
Description
Country
% Correct
Ljubljana is my capital city.
???
64.4%
I house over 65 un-
contacted tribes.
???
62%
The IAEA will not get in me! (Middle East)
???
56.9%
Does the communist rebel group FARC ring a bell?
???
46.1%
I am a country in mainland Europe that often gets confused with a Nordic country.
???
44%
I am the only absolute monarchy in Africa.
???
42.8%
I am an island nation that got invaded by the US due to 'communist' activities.
???
41.9%
I am the 'micro' version of a certain Asian country.
???
41%
The Taepodong is my pride!
???
36.2%
I am currently dealing with a Communist insurgency led by 'Shining Path'.
???
35%
I boast a vast amount of different ethnic groups such as the Chukchi people.
???
33.5%
I have the highest obesity rate in the world with over 94.5% of my people obese.
???
32.3%
I am considered one of the last frontiers on Earth and have over 800 spoken languages.
???
29.3%
I am the last country to introduce television to my people, in 1999.
???
24%
The Brown Recluse Spider is an animal endemic to me.
???
23.7%
Quiz Playlist
Details
Report
Send in Message
Add To Playlist
More Info:
You must try and identify the correct country based on the description given. I.E: Largest country in the world? Russia
Classic:
Type in answers that appear in a list
Forced Order:
Answers have to be entered in order
Wrong Answers:
Some wrong answers will appear in red
Last Updated: Feb 16, 2017
Quiz Scoreboard
CHALLENGE
Sign Up to Join the Scoreboard
Show All
Scores
Hide
Comments
May contain spoilers
Recently Published
1-10 Letter E Words III
by El_Dandy
Language
2m
Street Fighter Characters
by Artimus82
Gaming
60s
College Basketball Coaching Resumes
by pancakes188
Sports
9m
More to Explore
Quiz From the Vault
Featured Blog Post
Where Did the Easter Bunny Come From?
hide this ad
You Might Also Like...
Tags
Country Quiz
War Quiz
communist
Communist Nations
Invasion
lake
location
map
nuclear
Nuclear Weapons
Russia
Today's Top Quizzes in Geography
Browse Geography
hide this ad
Today's Top Quizzes in War
Browse War
Top Contributed Quizzes in Geography
1
Countries of the World - No Outlines Minefield
2
Top 25 Cities of France on a map
3
Any capital of a 'B' country per Continent
4
Any capital of a 'C' country per Continent
5
Closest Countries to UK A-Z
6
Any capital of a 'D' country per Continent
7
5-to-1: US Geography No Hints
8
Any capital of an 'E' country per Continent
9
Find the US States - No Outlines
10
Any capital of an 'F' country per Continent
Explore More
Trending Topics
Harry Potter
Anime
Marvel
Kpop
Crossword
Disney
NBA
Puzzle
Pokémon
WWE
NFL
Song
Soccer
The Office
Country
hide this ad
More By:
RastaSlapper
Quiz
Plays
Rating
Category
Featured
Created
☾ ✖ Progressive Geography Minefields Quiz! ✖ ☽
10,302
3.16
Geography
Jan 28, 2012
Popular Clothing Logos
5,017
2.43
Entertainment
Sep 24, 2011
What is the Only Country That Has...
2,436
2.98
Geography
Sep 18, 2011
☾ ✖ Progressive History Minefields Quiz! ✖ ☽
1,889
3.19
History
Jan 23, 2012
General Trivia vol. 1
1,204
1.62
Miscellaneous
Nov 20, 2012
Go to Creator's Profile
Score Distribution
Quiz Creator Spotlight
RastaSlapper
Follow
Send a Message
Quizzes Created
-
Created Quiz Play Count
-
More By This Creator
Popular Quizzes Today
1
Find the US States - No Outlines Minefield
2
Find the Countries of Europe - No Outlines Minefield
3
The Countries of the World
4
Find the US States
5
Risky Map Clicking: Biggest States A-Z
6
US States
7
Popular People in 1961
8
Movies - When Are They Set?
More Geography Quizzes
Anagrammed Asian Countries and Capitals
Published
Trending Quizzes
Risky Map Clicking: Least Populous States A-Z
USA Borders Longest to Shortest
1-10 Letter G Words
1-10 Letter F Words
Countries of the World: 200 Million BC
Recently Updated
Leaping Animals
pecheneg
Reality TV Shows (A-Z)
bhenderson79
Rickey Henderson's Hall of Fame Teammates
pecheneg
Champions League XIs: Arsenal
pecheneg
Quick Pick: Celebrities in WWE's Hall of Fame
aduchscher
A-Z Keypad Blitz II
pecheneg
Multiple Oscar Actors
pecheneg
Mystery Phrase Blitz: Oscar 'Best Actors'
pecheneg
F. Scott Fitzgerald Novels
LTH
Pick 3 Villains
ddd62291
Trending Topics
Disney
Crossword
Marvel
Anime
Kpop
Harry Potter
NBA
WWE
Country
Pokémon
Soccer
Song
NFL
Puzzle
The Office
Your Account Isn't Verified!
In order to create a playlist on Sporcle, you need to verify the email address you used during registration. Go to your
Sporcle Settings
to finish the process.
Report this User
Report this user for behavior that violates our
Community Guidelines
.
Details:
Send Report
Go to the Sporcle.com Mobile Site →
Comments